000 01838nam a2200385 i 4500
001 195841
003 SpMaBN
005 20250727144643.0
008 240721s2018 sp a | ||||o000 0 spa
017 _aM 27098-2018
_bOficina Depósito Legal Madrid
020 _a9788492462605
024 7 _aNIPO 032-18-018-9
035 _a(OCoLC)1089234925
035 _aa6342217
040 _aSpMaBN
_bspa
_cSpMaBN
_erdc
080 _a794.1(091)(083.824)
245 0 0 _aAjedreZ, arte de silencio :
_b32 libros para una exposición : ocho siglos de cultura : [Museo de la Biblioteca Nacional de España, sala Mínima, 10 de octubre de 2018 al 27 de enero de 2019] /
_c[organiza, Biblioteca Nacional de España ; proyecto y comisariado, Eduardo Scala ; textos, Fernando Gómez Redondo, Francisco Javier Asturiano, Eduardo Scala].
260 _a[Madrid] :
_bBiblioteca Nacional de España,
_c2018.
300 _a93 p. :
_bil. ;
_c20 x 20 cm
336 _aImagen (fija ; bidimensional ; visual)
_aTexto (visual)
_2isbdcontent
337 _asin mediación
_2rdamedia
338 _2rdacarrier
_avolumen
650 7 _aAjedrez
_vHistoria
_vExposiciones
_2embne
_9237584
655 7 _aCatálogos de exposiciones
_2tgfbne
_9193628
700 1 _aScala, Eduardo,
_d1945-
_9141379
700 _aGómez Redondo, Fernando,
_d1957-
_9237585
700 _aAsturiano, Francisco Javier,
_d1971-
_9237586
710 2 _aBiblioteca Nacional de España.
_bMuseo
_4his
_9237587
852 _aES-MaACL
_bR.153451
_cDEPOJ
_jN-8855
_hDonación: Biblioteca Nacional de España
_xEncuadernación en rústica
_9204729
914 _aBiblioteca Nacional de España
_ednr
_9234950
942 _cMONOGRAFIA
_n0
954 _iTatiana Alejandra de Castro Pérez
999 _c195841
_d195841